[Event "NCA-ch op"]
[Site "Managua"]
[Date "2017.09.03"]
[Round "3"]
[White "Castillo Sevilla, Ian Eiffel"]
[Black "Rodriguez Velasquez, Allan Eliuth"]
[Result "1/2-1/2"]
[WhiteElo "1671"]
[BlackElo "1952"]
[PlyCount "67"]
[EventDate "2017.09.02"]
[EventType "swiss"]
[EventRounds "9"]
[EventCountry "NCA"]
[SourceTitle "EXT 2018"]
[Source "ChessBase"]
[SourceDate "2017.10.13"]
[SourceVersion "1"]
[SourceVersionDate "2017.10.13"]
[SourceQuality "1"]

1. d4 Nf6 2. Nf3 g6 3. g3 Bg7 4. Bg2 0-0 5. c4 d6 6. 0-0 a6 7. Nc3 Nc6 8. d5 Na5 9. Qd3 c5 10. Bd2 Rb8 11. Rab1 b5 12. cxb5 axb5 13. Rfe1 b4 14. Nd1 c4 15. Qd4 Ne4 16. Qe3 Bf5 17. Rc1 c3 18. bxc3 b3 19. axb3 Nxb3 20. g4 Nexd2 21. Nxd2 Nxc1 22. gxf5 Nb3 23. fxg6 hxg6 24. Ne4 Qc7 25. Qf3 Nc5 26. Ng5 Bf6 27. h4 Bxg5 28. hxg5 e5 29. Ne3 Qe7 30. Qg3 f5 31. gxf6 Qxf6 32. Ng4 Qg5 33. f3 Rb2 34. Qh3 1/2-1/2

[Event "NCA-ch op"]
[Site "Managua"]
[Date "2017.09.02"]
[Round "1"]
[White "Lopez Lopez, Manuel"]
[Black "Rodriguez Velasquez, Allan Eliuth"]
[Result "1-0"]
[WhiteElo "1417"]
[BlackElo "1952"]
[PlyCount "87"]
[EventDate "2017.09.02"]
[EventType "swiss"]
[EventRounds "9"]
[EventCountry "NCA"]
[SourceTitle "EXT 2018"]
[Source "ChessBase"]
[SourceDate "2017.10.13"]
[SourceVersion "1"]
[SourceVersionDate "2017.10.13"]
[SourceQuality "1"]

1. e4 c5 2. Nf3 d6 3. Nc3 Nf6 4. Bc4 e6 5. a3 Be7 6. d3 0-0 7. 0-0 h6 8. Ne2 d5 9. exd5 exd5 10. Bb3 Nc6 11. c3 Bg4 12. h3 Bxf3 13. gxf3 Qd7 14. Kh2 Bd6+ 15. Ng3 h5 16. f4 g6 17. Qf3 h4 18. Ne2 Qf5 19. Rg1 Ne5 20. Qg2 Nxd3 21. Be3 Nxf4 22. Bxf4 Bxf4+ 23. Nxf4 Qxf4+ 24. Kh1 Ne4 25. f3 Ng3+ 26. Kh2 Ne2+ 27. Kh1 Nxg1 28. Rxg1 c4 29. Bc2 Kh8 30. Qf2 f5 31. Rxg6 Rg8 32. Bxf5 Rxg6 33. Bxg6 Rd8 34. Bh5 d4 35. Bg4 dxc3 36. Qxh4+ Kg7 37. Qxd8 c2 38. Qd7+ Qf7 39. Qd2 Qg6 40. Qc3+ Kf8 41. Qxc4 Qc6 42. Qf4+ Kg8 43. Qc1 Qd5 44. Qxc2 1-0